Những món ăn chay
Ăn chay, với những thực phẩm tươi tốt nhất như rau xanh, dầu thực vật, những sản phẩm từ sữa..., có khả năng cung cấp sinh lực, năng lượng và prôtêin vừa đủ cho cơ thể.
Na minha lista:
| Formato: | Livro |
|---|---|
| Idioma: | Undetermined |
| Publicado em: |
Hà Nội
Văn Hóa - Thông tin
2007
|
| Assuntos: | |
| Tags: |
Adicionar Tag
Sem tags, seja o primeiro a adicionar uma tag!
|
| Thư viện lưu trữ: | Trung tâm Học liệu Trường Đại học Cần Thơ |
|---|
| LEADER | 00846nam a2200193Ia 4500 | ||
|---|---|---|---|
| 001 | CTU_159381 | ||
| 008 | 210402s9999 xx 000 0 und d | ||
| 020 | |c 32000 | ||
| 082 | |a 641.5636 | ||
| 082 | |b Nh556 | ||
| 245 | 0 | |a Những món ăn chay | |
| 245 | 0 | |c Thảo Hiền, Thu Sương biên soạn | |
| 260 | |a Hà Nội | ||
| 260 | |b Văn Hóa - Thông tin | ||
| 260 | |c 2007 | ||
| 520 | |a Ăn chay, với những thực phẩm tươi tốt nhất như rau xanh, dầu thực vật, những sản phẩm từ sữa..., có khả năng cung cấp sinh lực, năng lượng và prôtêin vừa đủ cho cơ thể. | ||
| 650 | |a Cooking (Vegetables),Vegetarian cooking,Nấu ăn (chay) | ||
| 904 | |i Trọng Hiếu | ||
| 980 | |a Trung tâm Học liệu Trường Đại học Cần Thơ | ||